Score 0/22 Timer 05:00
0 Plays Today
% Correct
Arabic
83.3%
Bible
81.3%
Ability to read and write.
80.5%
Shi'a and Sunni
79.8%
Persian
79.3%
Kurdish
77.4%
Qur'an
76.9%
Wars about beliefs and leaders
75.2%
Judaism
73.8%
An Ethnic Group
71%
An Ethnic Group
70.9%
% Correct
A Religious Group
69.5%
A Religious Group
69%
An Ethnic Group
67.7%
A Religious Group
67.7%
Torah
67.3%
Iran
62.5%
Islam
59.5%
Israel
55.2%
Iraq
47.8%
Ethnicity
33.7%
Religion
23.1%
Remove Ads.
Support Sporcle.
Get the best of Sporcle when you Go Orange. This ad-free experience offers more features, more stats, and more fun while also helping to support Sporcle. Thank you for becoming a member.

You're not logged in!

Compare scores with friends on all Sporcle quizzes.
OR
Log In

Show Comments

Extras

Top Quizzes Today


Score Distribution

Your Account Isn't Verified!

In order to create a playlist on Sporcle, you need to verify the email address you used during registration. Go to your Sporcle Settings to finish the process.

Report this User

Report this user for behavior that violates our Community Guidelines.

Details: